| 000 | 00552nam a2200181Ia 4500 | ||
|---|---|---|---|
| 999 |
_c1735 _d1735 |
||
| 003 | OSt | ||
| 005 | 20200925142652.0 | ||
| 008 | 190216s9999||||xx |||||||||||||| ||und|| | ||
| 020 | _a9798181283770 | ||
| 040 | _coclc | ||
| 082 |
_a572.865 _bKOL/B |
||
| 100 |
_aKolchanov, Nikolay _95022 |
||
| 245 | 0 |
_aBioinformatics Of Genome Regulation And Structure / _cNikolay Kolchanov ; Ralf Hofestaedt |
|
| 260 |
_bSpringer, _aNew Delhi: _c2005. |
||
| 300 | _a373p | ||
| 650 | _aBotany | ||
| 942 |
_cBK _2ddc _h572.865 _iKOL/B _k572.865 _mKOL/B |
||